Các qui định lễ tân nhà nước Hệ thống văn bản của Chính phủ

Сохранить в:
Библиографические подробности
Формат:
Язык:Undetermined
Опубликовано: Hà Nội CTQG 2002
Предметы:
Метки: Добавить метку
Нет меток, Требуется 1-ая метка записи!
Thư viện lưu trữ: Trung tâm Học liệu Trường Đại học Cần Thơ
LEADER 00462nam a2200157Ia 4500
001 CTU_48196
008 210402s9999 xx 000 0 und d
082 |a 353.7 
082 |b C101 
245 0 |a Các qui định lễ tân nhà nước 
245 0 |b Hệ thống văn bản của Chính phủ 
260 |a Hà Nội 
260 |b CTQG 
260 |c 2002 
650 |a administrative law 
980 |a Trung tâm Học liệu Trường Đại học Cần Thơ